000 00258nam a22001217a 4500
008 170613b xxu||||| |||| 00| 0 eng d
041 _aeng
080 _a328
100 _a19
101 _aSHP
245 _aINSTRUCTORS COPY
_cWILSON.J.Q
942 _2udc
_cBK
999 _c17241
_d17241